000 00759nam a22002177a 4500
999 _c6100
_d6100
005 20260210113433.0
008 260210b ||||| |||| 00| 0 eng d
020 _a9781454937593
040 _cKH8
082 _a612 OLS
100 _aOlstein,James
_eAuthor
245 _aHuman Body
250 _aVolume 2
260 _a1166 Avenue of the Americas New York,NY 10036
_bSterling Publishing Co.,Inc.
_c2019
300 _a79 pages
_bcolour illustration
_c23 cm x 22 cm
520 _aPresents a collection of wacky facts about the human body, including the real reason ice cream causes brain freeze, the true speed of a sneeze... -Library Thing-
650 _2Juvenile Non Fiction
_aHuman Body
655 _aScience
655 _aBiology
942 _2ddc
_cNFIC